The world economy in the 20th century
Đã lưu trong:
| Hovedforfatter: | |
|---|---|
| Format: | Bog |
| Sprog: | Undetermined |
| Udgivet: |
Paris
Development Centre of the Organisation for Economic Co-operation and Development
1989
|
| Fag: | |
| Tags: |
Tilføj Tag
Ingen Tags, Vær først til at tagge denne postø!
|
| Thư viện lưu trữ: | Trung tâm Học liệu Trường Đại học Cần Thơ |
|---|
| LEADER | 00628nam a2200193Ia 4500 | ||
|---|---|---|---|
| 001 | CTU_81845 | ||
| 008 | 210402s9999 xx 000 0 und d | ||
| 082 | |a 337 | ||
| 082 | |b M179 | ||
| 100 | |a Maddison, Angus | ||
| 245 | 4 | |a The world economy in the 20th century | |
| 245 | 0 | |c Angus Maddison | |
| 260 | |a Paris | ||
| 260 | |b Development Centre of the Organisation for Economic Co-operation and Development | ||
| 260 | |c 1989 | ||
| 650 | |a Economic forecasting,Economic history,International economic relations | ||
| 650 | |y 20th century | ||
| 904 | |i Trọng Hải | ||
| 980 | |a Trung tâm Học liệu Trường Đại học Cần Thơ | ||